Normal view
MARC view
Entry Topical Term
001 - CONTROL NUMBER
- control field: 163634
003 - CONTROL NUMBER IDENTIFIER
- control field: OSt
005 - DATE AND TIME OF LATEST TRANSACTION
- control field: 20240507144445.0
008 - FIXED-LENGTH DATA ELEMENTS
- fixed length control field: 240507|| aca||aabn | a|a d
040 ## - CATALOGING SOURCE
- Original cataloging agency: OSt
- Transcribing agency: OSt
150 ## - HEADING--TOPICAL TERM
- Topical term or geographic name entry element: samuchay
670 ## - SOURCE DATA FOUND
- Source citation: Work cat.: (OSt)77909: SUKLA (Ramakrishna) रामकृष्ण शुक्ला 163633, Alochana samuchay